Responses for Show #5745 - Friday, July 24, 2009

Stefan Goodreau game 5.
Last game of Season 25.

Contestants

[<< previous game]

Emily Bruemmer, a history and East Asian studies student from Orleans, Massachusetts

John Munson, a self-proclaimed gadabout originally from Lakeland, Florida

Stefan Goodreau, a video game tester and camp counselor from Los Angeles, California (whose 4-day cash winnings total $68,470)

[next game >>]

Jeopardy! Round responses

PREHISTORIC TIMES
ACTING FAMILIES
DRINK"S"
WORLD CITY WALK
TOUGH-POURRI
VISUALLITERATION
(Alex: Each correct response will consist of two words that are alliterative in appearance but not in sound. I know it sounds tough but you'll see when you get into it.)
    $200 26
a skull

Emily
    $200 1
O'Neal

Stefan
    $200 11
a Shirley Temple

Emily
    $200 18
Vatican City

Stefan
    $200 16
Hogwarts

Stefan
    $200 6
Green Giant

Stefan
    $400 27
(John: What is a, uh, saber-tooth?)

a mastodon

JohnEmily
    $400 2
Affleck

Stefan
    $400 12
a spritzer

Emily
    $400 19
Rabat

Stefan
    $400 17
the Rose Bowl

Emily
    $400 7
the Cheshire Cat

Stefan
    $600 28
written records (or writing)

Emily
    $600 3
Prinze

Stefan
    $600 13
sherry

Stefan
    $600 20
Sapporo

Emily
    $600 23
(Alex: And that was [*].)

Senator Joe McCarthy

Triple Stumper
    $600 8
Tom Thumb

Stefan
    $800 29
the femur

Stefan
    $800 4
(John: What is Ramirez?)

Zimbalist

John
Triple Stumper
    $800 14
Shiraz

Emily
    $800 21
Stalingrad

Emily
    $800 24
(Alex: And they were all [*].)

Boy Scouts

Triple Stumper
    $800 9
closed circuit

Stefan
    $1000 30
bronze

Stefan
    $1000 5
Booth

Triple Stumper
    $1000 15
sangria

John
    $1000 22
Beijing

Emily
    $1000 25
(Alex: Yes, it was an April Fool's joke.)

April 1st

Stefan
    $1000 10
[Applause for Stefan's run of the category]

"Wrong Way"

Stefan

Scores at the first commercial break (after clue 16):

Stefan John Emily
$5,000 $200 $1,400

Scores at the end of the Jeopardy! Round:

Stefan John Emily
$8,400 -$200 $5,400

Double Jeopardy! Round responses

POETS & POETRY
THE AZTECS
DEUS EX MACHINA
(Alex: ...about companies with names that are taken from mythology.)
MARTIAL
DYLAN
"GUN" SMOKE
    $400 7
Experience

Stefan
    $400 12
Cortés

Emily
    $400 17
Mercury

John
    $400 26
tai chi

Stefan
    $400 1
Dylan Thomas

John
    $400 6
gun-shy

Emily
    $800 8
(William Butler) Yeats

Emily
    $800 13
the Sun

Emily
    $800 22
(Emily: What is irrigation?)
...
(Alex: Irrigating is only a pastime for people like me.)
[Laughter]

scuba diving

Emily
Triple Stumper
    $800 27
roundhouse

Stefan
    $800 2
The Band

John
    $800 18
gunpowder

Stefan
    $1,000 9
(Emily: Who is Eliot?)
(Alex: Nope. Who is [*]? It's from the poem "On His Blindness".)
[ERRATUM: The clue as printed may add a comma or two not found in the original poem.]

John Milton

Emily
    $1,600 14
a tortilla

Emily
    $1200 23
Nike

Stefan
    $1200 28
kickboxing

Stefan
    $1200 3
I'm Not There

Stefan
    $1200 19
Annie Get Your Gun

John
    $1600 10
Faerie

Emily
    $1600 15
the heart

Emily
    $1600 24
a rocket

Emily
    $1600 29
tae kwon do

Emily
    $1600 4
Highway 61

John
    $1600 20
a gun carriage

Triple Stumper
    $2000 11
[ERRATUM: The clue as printed omits a comma found in the original poem.]

"Dover Beach"

Triple Stumper
    $2000 16
[No applause for Emily's run of the category]

Tenochtitlan

Emily
    $2000 25
Olympus

John
    $2000 30
Ultimate Fighting Championship

Emily
    $2000 5
Wonder Boys

John
    $2000 21
Günter

Stefan

Scores at the end of the Double Jeopardy! Round:

Stefan John Emily
$16,400 $8,200 $18,000

[wagering suggestions for these scores]

Final Jeopardy! Round responses

25 YEARS & COUNTING
(Alex: Hey, it's our 25th year.)
(Alex: When our show premiered in September of 1984, two of the three of you were just months old, if that.)
...
(Alex: [Revealing Stefan's response] The hit in 1984 was "What's Love Got To Do With It", got to do with it.)
JohnWho is Cher
$5,000
StefanWho is Tina Turner?
$0
EmilyWho is Madonna
$7,000
Tina Turner

Final scores:

Stefan John Emily
$16,400 $3,200 $11,000
5-day champion: $84,870 3rd place: $1,000 2nd place: $2,000

Game dynamics:

Coryat scores:

Stefan John Emily
$16,400 $8,200 $18,600
23 R,
0 W
8 R,
2 W
21 R
(including 2 DDs),
2 W
(including 1 DD)

Combined Coryat: $43,200

[game clues] [game scores] [suggest correction]

Game tape date: 2009-03-31
The J! Archive is created by fans, for fans. Scraping, republication, monetization, and malicious use prohibited; this site may use cookies and collect identifying information. See terms. The Jeopardy! game show and all elements thereof, including but not limited to copyright and trademark thereto, are the property of Jeopardy Productions, Inc. and are protected under law. This website is not affiliated with, sponsored by, or operated by Jeopardy Productions, Inc. Join the discussion at JBoard.tv.